000 00657nam a2200205Ia 4500
003 GCL
008 140319s9999 xx 000 0 ara d
040 _aGCL /
_cGCL
082 0 4 _a922.1
_bم م
245 1 0 _aموسى بن نصير: فاتح الاندلس (هدية من الاديب عبدالفتاح الجمل)
260 _a[S.N] :
_bدار المعارف ،
_c1962
300 _a84 ص
490 _aمشاهير العرب
_v0
650 0 4 _aالاندلس
650 0 4 _aالتاريخ الاسلامى
650 0 4 _aانتشار الاسلام
650 0 4 _aالاسلام - تراجم
650 0 4 _aموسى بن نصير
942 _2ddc
_cBK
999 _c54817
_d54817